000 00242 a2200097 4500
001 55268
100 _a
245 _aGuantanamo and abuse of presidential power
260 _aNew York
_bSimmon & Schuster
_c2007
090 _c34235
_d34235
942 _aNUST-CAE
_cMONOGRAPH
_c26931
999 _c290341
_d290341